000 00717nam a2200265Ia 4500
003 OSt
005 20221007082534.0
006 a|||||r|||| 00| 0
007 ta
008 221006b |||||||| |||| 00| 0 eng d
024 _a15,387
037 _cTextual
040 _aFLL
_cFLL
_beng
041 _2eng
_aeng
082 _aX:97B:Z2, M7
100 _aKey B.K. Au.
_9699138
110 _aGovt. of india
245 0 _aBrochure on joint consultative machinery and compulsory arbitration for central governement employees
250 _a1st
260 _c1987
300 _a120p
_ccm.
700 _aGovt. of india
942 _hX:97B:Z2, M7
_cTEXL
_2CC
999 _c1166773
_d1166773